1612 1139 1017 1305 1301 1152 1174 1809 1961 1772 1841 1067 1592 1882 1640 1058 1884 1376 1268 1972 1450 1138 1671 1900 1670 1684 1938 1202 1680 1467 1714 1571 1723 1497 1627 1560 1592 1700 1646 1895 1272 1825 1329 1740 1110 1327 1732 1421 1844 1446 1386 1548 1705 1241 1848 1666 1713 1329 1518 1049 1275 1452 1275 1461 1792 1590 1913 1155 1386 1968 1532 1353 1124 1287 1751 1270 1714 1032 1596 1108 1399 1565 1837 1930 1117 1456 1531 1896 1492 1297 1520 1269 1291 1223 1794 1274 1029 1506 1560 BCNSPRNW ULIB Ver.6.0+V

เปลี่ยนเป็นภาษาไทย

Change to English
 แสดงรายละเอียดบรรณานุกรม
  กลับหน้าหลัก

Brief Record : Get Marc (ISO 2709) : E-mail record : QR code < ปิดหน้าต่าง
LEADER : 00000nam 2200000uu 4500
001    13399126195
003     ULIB
008    180716s2015||||th 000 0 tha d
020    ^a9780521693080
050 00 ^aPE1128^bC172^cV.6
245 10 ^aCambridge practice tests for IELTS 6
260    ^aCambridge :^bCambridge University Press,^c2015
300    ^a176 p.:^bill. ;^c25 cm.
650 00 ^aInternational English Language Testing System.
650 00 ^aEnglish language^xExaminations, questions, etc.
650 00 ^aEnglish language^xTextbooks for foreign speakers
945    ^p0^l0^i26413
999    ^aกัณชพร จุลอักษร
รายการนี้ยังไม่มีแท็ก
คุณยังไม่ได้ล็อกอิน คุณสามารถมีกิจกรรมร่วมกับเว็บไซต์ได้ แต่ต้องล็อกอินก่อน ::
  ล็อกอิน

รายการสื่อสารสนเทศ

ลำดับที่ ประเภท เลขเรียก/บาร์โค้ด สถานที่ สถานะ
1. วิทยาศาสตร์การแพทย์ และสุขภาพ
วิทยาศาสตร์การแพทย์ และสุขภาพ
PE1128 C172 V.6 ฉ.1 
  Barcode: 26413
ห้องสมุดวิทยาเขตนครสวรรค์
►หนังสือทั่วไป:l:General Books
บนชั้น

รายการใกล้เคียง
    ชื่อเรื่อง [Cambridge practice tests for IELTS 6]

    หัวเรื่อง [International English Language Testing System.]

BibComment


ยังไม่เคยถูกคอมเมนท์

คอมเมนท์ทรัพยากรรายการนี้
  คอมเมนท์: Cambridge practi..


 Copyright 2026. Bcnsprnw @Library